Southville International School and Colleges
Your cart is empty.
  • Cart
  • Lists
    Public lists Eva Luna New books Lux_list list_1
    Your lists Log in to create your own lists
  • Log in to your account
  • Your cookies
  • Search history
Southville International School and Colleges
  • Advanced search
  • Recent comments
  • Most popular
  • Libraries

Log in to your account

Log in with GOOGLE


If you do not have an external account, but do have a local account, you can still log in:

  1. Home
  2. MARC view: The positive principle today :
Normal view MARC view ISBD view

The positive principle today : (Record no. 7856)

[ view plain ]
MARC details
000 -LEADER
fixed length control field 00659nam a22002057a 4500
003 - CONTROL NUMBER IDENTIFIER
control field OSt
005 - DATE AND TIME OF LATEST TRANSACTION
control field 20140310181950.0
008 - FIXED-LENGTH DATA ELEMENTS--GENERAL INFORMATION
fixed length control field 130725t xxu||||| |||| 00| 0 eng d
050 ## - LIBRARY OF CONGRESS CALL NUMBER
Classification number BJ 1611.2
Item number .P358 1976
082 ## - DEWEY DECIMAL CLASSIFICATION NUMBER
Classification number TR 131.3
Item number Pe31 1976
100 ## - MAIN ENTRY--PERSONAL NAME
Personal name Peale, Norman Vincent
9 (RLIN) 4279
245 ## - TITLE STATEMENT
Title The positive principle today :
Remainder of title how to renew and sustain the power of positive thinking /
Statement of responsibility, etc Norman Vincent Peale.
260 ## - PUBLICATION, DISTRIBUTION, ETC. (IMPRINT)
Place of publication, distribution, etc Carmel, New York :
Name of publisher, distributor, etc Guide posts,
Date of publication, distribution, etc c1976.
300 ## - PHYSICAL DESCRIPTION
Extent 239 p. ;
Dimensions 21 cm.
521 ## - TARGET AUDIENCE NOTE
Target audience note
541 ## - IMMEDIATE SOURCE OF ACQUISITION NOTE
-- 1
562 ## - COPY AND VERSION IDENTIFICATION NOTE
Number of copies 1
650 ## - SUBJECT ADDED ENTRY--TOPICAL TERM
Topical term or geographic name as entry element Success--Religious aspects--Christianity.
9 (RLIN) 4280
942 ## - ADDED ENTRY ELEMENTS (KOHA)
Source of classification or shelving scheme Library of Congress Classification
Koha item type
Call number prefix
Holdings
Withdrawn status Lost status Source of classification or shelving scheme Damaged status Home library Current library Shelving location Date acquired Total Checkouts Full call number Barcode Date last seen Copy number Price effective from Koha item type
    Library of Congress Classification   Luxembourg Library Luxembourg Library Teachers Reference Section 07/25/2013   BJ 1611.2 .P358 1976 0033 08/13/2013 1 07/25/2013 Books

The positive principle today :

APA

Peale N. V., . (1976). The positive principle today. Carmel, New York: Guide posts.

Chicago

Peale Norman Vincent, . 1976. The positive principle today. Carmel, New York: Guide posts.

Harvard

Peale N. V., . (1976). The positive principle today. Carmel, New York: Guide posts.

MLA

Peale Norman Vincent, . The positive principle today. Carmel, New York: Guide posts. 1976.

  • Place hold
  • Print
  • Cite
  • Add to your cart (remove)
  • Save record
    BIBTEX Dublin Core MARCXML MARC (non-Unicode/MARC-8) MARC (Unicode/UTF-8) MARC (Unicode/UTF-8, Standard) MODS (XML) RIS
  • More searches
    Search for this title in:
    Other Libraries (WorldCat) Other Databases (Google Scholar) Online Stores (Bookfinder.com) Open Library (openlibrary.org)

Exporting to Dublin Core...

SOUTHVILLE LIBRARY

Southville International School and Colleges Library

1281 Tropical Ave. Cor. Luxembourg St., BF Homes International, Las Pinas City

Tel. No. 8256374 / 252358 Loc. 117/146

Powered by Koha